[Event "17th Bora Kostic Mem"]
[Site "Vrsac SRB"]
[Date "2012.11.20"]
[Round "1.1"]
[White "Bogosavljevic,B"]
[Black "Nikolic,Pr"]
[Result "0-1"]
[WhiteElo "2524"]
[BlackElo "2650"]

1.Nf3 d5 2.c4 d4 3.e3 Nc6 4.b4 dxe3 5.fxe3 Nxb4 6.d4 e5 7.a3 Nc6 8.Nc3 Nf6
9.d5 e4 10.Ng5 Ne5 11.Qd4 Nfg4 12.h3 Qxg5 13.hxg4 Nxg4 14.Qxe4+ Kd8 15.Qd4 Nf6
16.Bd2 Qg3+ 17.Kd1 Bd6 18.Bd3 Be5 19.Qc5 Qxg2 20.Kc2 Bxc3 21.Kxc3 Ne4+ 22.Bxe4 Qxe4
23.Qd4 Bf5 24.Qxe4 Bxe4 25.Rh4 Bg6 26.e4 f6 27.c5 Kd7 28.Rb1 Rab8 29.Kd4 Rhe8
30.Be1 Re7 31.Bg3 Rbe8 32.Re1 Kc8 33.Bh2 h5 34.d6 Rd7 35.Rg1 Bh7 36.e5 fxe5+
37.Bxe5 g6 38.Rf4 Red8 39.Rf6 cxd6 40.cxd6 b6 41.Rc1+ Kb7 42.Re6 h4 43.Ke3 g5
44.Re7 Ka6 45.Rg1 Rxe7 46.dxe7 Re8 47.Bf6 Bf5 48.Rxg5 Bc8 49.Rh5 h3 50.Kd4 Kb7
51.Kd5 Kc7 52.Rh4 Rg8 53.Ke5 Bd7 54.Rc4+ Bc6 55.Ke6 Kb7 56.Be5 Be8 57.Rh4 Rg6+
58.Bf6 Rg3 59.a4 a5 60.Be5 Re3 61.Kd6 Rd3+ 62.Ke6 Ka6 63.Bc7 Re3+ 64.Kf6 Ra3
65.Bd6 Re3 66.Bc7 Kb7 67.Be5 Kc6 68.Rc4+ Kd5 69.Rd4+ Kc5 70.Rd8 Rf3+ 71.Ke6 Bf7+
72.Kd7 Bb3 73.Kc7 Bxa4 74.Bd4+ Kc4 75.Bxb6 Rd3 76.e8=Q Bxe8 77.Rxe8 a4 78.Re4+ Kb3
79.Bc5 a3 80.Rb4+ Kc2 81.Ra4 Kb2 82.Be7 Rf3 83.Bd6 Re3 84.Rb4+ Kc2 85.Rf4 a2
86.Rf2+ Kb3 87.Rf1 Re2 88.Bc5 h2 89.Bd4 Kc4 90.Ba1 Rg2 91.Rf4+ Kd3 92.Rh4 Rg1
93.Rh3+ Ke4 94.Rh4+ Kf3 95.Rxh2 Rxa1 96.Rc2 Ke3  0-1

[Event "17th Bora Kostic Mem"]
[Site "Vrsac SRB"]
[Date "2012.11.21"]
[Round "2.1"]
[White "Nikolic,Pr"]
[Black "Sedlak,N"]
[Result "1/2-1/2"]
[WhiteElo "2650"]
[BlackElo "2572"]

1.d4 d5 2.c4 c6 3.Nc3 Nf6 4.e3 e6 5.Nf3 Nbd7 6.Bd3 dxc4 7.Bxc4 b5 8.Bb3 b4
9.Na4 Ba6 10.Bd2 Qa5 11.Rc1 Bb5 12.a3 Ne4 13.axb4 Bxb4 14.Nc3 Nxd2 15.Nxd2 O-O
16.Nc4 Bxc4 17.Bxc4 Nb6 18.Bd3 c5 19.O-O cxd4 20.Nb5 Nd5 21.Nxd4 Rac8 22.Be4 Rxc1
23.Qxc1 Ne7 24.g3 Rc8 25.Qa1 Qxa1 26.Rxa1 Bc5 27.Ra4 Rb8 28.Rc4 Bxd4 29.Rxd4 f5
30.Rd7 Kf7  1/2-1/2

[Event "17th Bora Kostic Mem"]
[Site "Vrsac SRB"]
[Date "2012.11.22"]
[Round "3.1"]
[White "Cvitan,O"]
[Black "Nikolic,Pr"]
[Result "1-0"]
[WhiteElo "2535"]
[BlackElo "2650"]

1.d4 d5 2.c4 c6 3.Nc3 Nf6 4.e3 g6 5.Nf3 Bg7 6.Be2 O-O 7.O-O b6 8.Qc2 Bf5
9.Qb3 e6 10.Ne5 g5 11.cxd5 exd5 12.Bd2 Nfd7 13.f4 Nxe5 14.fxe5 Bg6 15.Rac1 b5
16.a4 a6 17.Na2 f6 18.exf6 Rxf6 19.Rxf6 Qxf6 20.axb5 axb5 21.Bxb5 Qe6 22.Bf1 Nd7
23.Nb4 Rb8 24.Qa4 c5 25.Nxd5 Kh8 26.Nc7 Qf5 27.Bb5 cxd4 28.e4 Qxe4 29.Bxd7 Qd3
30.Qa5 h6 31.Ne6 Rxb2 32.Qd8+ Kh7 33.Qe7  1-0

[Event "17th Bora Kostic Mem"]
[Site "Vrsac SRB"]
[Date "2012.11.23"]
[Round "4.1"]
[White "Georgiev,Ki"]
[Black "Nikolic,Pr"]
[Result "1/2-1/2"]
[WhiteElo "2660"]
[BlackElo "2650"]

1.d4 f5 2.g3 Nf6 3.Bg2 e6 4.c4 c6 5.Qc2 d5 6.Nh3 Bd6 7.Nf4 O-O 8.O-O Qe7
9.b3 Bd7 10.Nd3 Be8 11.Bf4 Bxf4 12.Nxf4 Nbd7 13.Nd2 Bf7 14.e3 Ne4 15.Nf3 dxc4
16.bxc4 e5 17.Nd3 exd4 18.exd4 c5 19.Rfe1 Qd6 20.Rad1 cxd4 21.Nf4 Rac8 22.Nxd4 Rxc4
23.Nxf5 Qc5 24.Qe2 Ndf6 25.Ne3 Nc3 26.Qd2 Nxd1 27.Nxc4 Nxf2 28.Qxf2 Qxf2+
29.Kxf2 Bxc4 30.Bxb7 Rb8 31.Re7 Bxa2 32.Ba6 Ra8 33.h4 Bf7 34.Kg1 h6 35.Kf2 Kf8
36.Rc7 Ne8 37.Rd7 g5 38.hxg5 hxg5 39.Bb7 Rb8 40.Bd5 Bxd5 41.Ng6+ Kg8 42.Ne7+ Kf8
43.Ng6+ Kg8  1/2-1/2

[Event "17th Bora Kostic Mem"]
[Site "Vrsac SRB"]
[Date "2012.11.24"]
[Round "5.1"]
[White "Nikolic,Pr"]
[Black "Svetushkin,D"]
[Result "1/2-1/2"]
[WhiteElo "2650"]
[BlackElo "2589"]

1.d4 Nf6 2.c4 e6 3.Nf3 d5 4.Nc3 Be7 5.Bg5 h6 6.Bxf6 Bxf6 7.e3 O-O 8.Rc1 c6
9.Bd3 Nd7 10.cxd5 exd5 11.b4 a6 12.O-O Nb6 13.a4 Bg4 14.a5 Nd7 15.h3 Bxf3
16.Qxf3 Be7 17.Rb1 Nf6 18.Na4 Bd6 19.Nc5 Qe7 20.Rfe1 Rfe8 21.g3 Rad8 22.Qg2 Ne4
23.f4 Bxc5 24.bxc5 Rd7 25.Bxe4 Qxe4 26.Qxe4 Rxe4 27.Kf2 g5 28.Rb2 gxf4 29.gxf4 f5
30.Rg1+ Kh7 31.Kf3 Ree7 32.h4 Rg7 33.Rbg2 Rxg2 34.Rxg2 Rg7 35.Rxg7+ Kxg7
36.h5  1/2-1/2

[Event "17th Bora Kostic Mem"]
[Site "Vrsac SRB"]
[Date "2012.11.26"]
[Round "6.1"]
[White "Nikolic,Pr"]
[Black "Bogosavljevic,B"]
[Result "1-0"]
[WhiteElo "2650"]
[BlackElo "2524"]

1.d4 d5 2.c4 c6 3.Nf3 Nf6 4.e3 Bf5 5.cxd5 cxd5 6.Nc3 Nc6 7.Ne5 Bd7 8.Bd3 e6
9.O-O Be7 10.Bd2 O-O 11.f4 Rc8 12.Rf3 g6 13.Qe2 Nb4 14.Bb1 Na6 15.Be1 Nc7
16.g4 Nce8 17.f5 exf5 18.gxf5 Nd6 19.fxg6 fxg6 20.Qg2 Nde4 21.Bh4 Kg7 22.Bd3 Be8
23.Bxe4 dxe4 24.Rf4 Bc6 25.Raf1 Qc7 26.Qh3 Qd6 27.Bxf6+ Bxf6 28.Rxf6 Rxf6
29.Qxc8 Rxf1+ 30.Kxf1 Qf6+ 31.Ke2  1-0

[Event "17th Bora Kostic Mem"]
[Site "Vrsac SRB"]
[Date "2012.11.27"]
[Round "7.1"]
[White "Sedlak,N"]
[Black "Nikolic,Pr"]
[Result "1/2-1/2"]
[WhiteElo "2572"]
[BlackElo "2650"]

1.e4 e6 2.d4 d5 3.Nc3 Bb4 4.e5 c5 5.a3 Bxc3+ 6.bxc3 Qa5 7.Bd2 Qa4 8.Rb1 c4
9.Qc1 Nc6 10.Ne2 b6 11.Nf4 Bd7 12.Nh5 g6 13.Ng3 O-O-O 14.Be2 Rf8 15.O-O f6
16.exf6 Nxf6 17.Re1 Rf7 18.h4 Kb7 19.h5 e5 20.dxe5 Nxe5 21.Be3 Re8 22.Rb4 Qa5
23.hxg6 hxg6 24.Bd4 Nc6 25.Rd1 Nxd4 26.cxd4 b5 27.c3 Qb6 28.Bf3 Qd6 29.Qb1 Kc7
30.Qxg6 Rh7 31.Qg5 Rhe7 32.Rbb1 Rg8 33.Qd2 Rh7 34.Qe3 Re7 35.Qd2 Rh7 36.Qe3 Re7  1/2-1/2

[Event "17th Bora Kostic Mem"]
[Site "Vrsac SRB"]
[Date "2012.11.28"]
[Round "8.1"]
[White "Nikolic,Pr"]
[Black "Cvitan,O"]
[Result "1/2-1/2"]
[WhiteElo "2650"]
[BlackElo "2535"]

1.d4 Nf6 2.c4 e6 3.Nf3 c5 4.d5 d6 5.Nc3 exd5 6.cxd5 g6 7.g3 Bg7 8.Bg2 O-O
9.O-O Re8 10.Nd2 a6 11.a4 Nbd7 12.a5 Rb8 13.h3 b5 14.axb6 Nxb6 15.Re1 Qe7
16.Ra2 h6 17.Nf1 Nfd7 18.f4 Nc4 19.Qc2 Rb4 20.e3 Qd8 21.Nd1 Nf6 22.Nf2 Nb6
23.Bd2 Nfxd5 24.Bxd5 Nxd5 25.e4 Nc7 26.Bxb4 cxb4 27.Qd2 Nb5 28.Qxb4 Bd4 29.Qd2 Qb6
30.Ne3 Bb7 31.Kh2 f5 32.Raa1 fxe4  1/2-1/2

[Event "17th Bora Kostic Mem"]
[Site "Vrsac SRB"]
[Date "2012.11.29"]
[Round "9.1"]
[White "Svetushkin,D"]
[Black "Nikolic,Pr"]
[Result "1-0"]
[WhiteElo "2589"]
[BlackElo "2650"]

1.e4 e5 2.Nf3 Nc6 3.Bb5 a6 4.Ba4 Nf6 5.O-O Be7 6.Re1 b5 7.Bb3 d6 8.c3 O-O
9.h3 Re8 10.d4 Bb7 11.Nbd2 Bf8 12.a3 Qd7 13.Bc2 a5 14.a4 b4 15.d5 Ne7 16.cxb4 axb4
17.Nc4 Ba6 18.b3 Bxc4 19.bxc4 h6 20.c5 c6 21.Bb2 cxd5 22.cxd6 Ng6 23.exd5 Bxd6
24.a5 Qc7 25.a6 e4 26.Bxf6 exf3 27.Rxe8+ Rxe8 28.Bxg6 fxg6 29.a7 Ra8 30.Bd4 Qc4
31.Be3 fxg2 32.Qd4 Qb5 33.Qe4 Kh7 34.Qe6 b3 35.Kxg2 Bc5 36.Qc6 Qxc6 37.dxc6 Bxe3
38.fxe3 b2 39.Rb1 Rxa7 40.Rxb2 Rc7 41.Rb6 Rf7 42.Rb7 Rf5 43.c7 Rc5 44.e4 g5
45.e5 Kg6 46.e6  1-0

[Event "17th Bora Kostic Mem"]
[Site "Vrsac SRB"]
[Date "2012.11.30"]
[Round "10.1"]
[White "Nikolic,Pr"]
[Black "Georgiev,Ki"]
[Result "1/2-1/2"]
[WhiteElo "2650"]
[BlackElo "2660"]

1.d4 Nf6 2.c4 g6 3.Nf3 Bg7 4.g3 c6 5.Bg2 d5 6.cxd5 cxd5 7.O-O O-O 8.Ne5 e6
9.Nc3 Nfd7 10.Nf3 Nc6 11.Bf4 Qb6 12.Na4 Qa6 13.a3 b5 14.Nc3 Qb6 15.e3 a5
16.Qb1 Ba6 17.Rc1 Rfc8 18.b3 b4 19.Na4 Qb7 20.Bd6 bxa3 21.Bxa3 Nb4 22.Bf1 Rxc1
23.Bxc1 Bxf1 24.Kxf1 e5 25.Bd2 e4 26.Ne1 h5 27.Qd1 h4 28.Bxb4 axb4 29.Ng2 hxg3
30.hxg3 Rc8 31.Nf4 Bf8 32.Kg2 Nf6 33.Rc1 Rxc1 34.Qxc1 Bd6 35.Qh1 Qc8 36.Qh4 Kg7
37.Qg5 Qc6 38.g4 Bxf4 39.Qxf4 Nd7 40.Qg5 Qf6 41.Qxf6+ Kxf6 42.Kg3 g5 43.f4 exf3
44.Kxf3 Ke6 45.Nb2 Nb8 46.e4 Nc6 47.Ke3 Na5 48.Nd3 Nxb3 49.e5 f6 50.exf6 Kxf6
51.Nxb4 Ke6  1/2-1/2

[Event "Bundesliga 2012-13"]
[Site "Wattenscheid GER"]
[Date "2012.12.08"]
[Round "5"]
[White "Neubauer,M"]
[Black "Nikolic,Pr"]
[Result "0-1"]
[WhiteElo "2440"]
[BlackElo "2638"]

1.d4 e6 2.c4 f5 3.Nf3 Nf6 4.Nc3 Bb4 5.Bd2 O-O 6.g3 b6 7.Bg2 Bb7 8.O-O a5
9.Rc1 Na6 10.a3 Bxc3 11.Bxc3 Ne4 12.Nd2 Nxc3 13.Rxc3 Bxg2 14.Kxg2 Qf6 15.Nf3 d6
16.Qd3 Rfd8 17.e4 f4 18.Qc2 e5 19.d5 Rf8 20.Nd2 Qg5 21.Nf3 Qh5 22.h3 h6 23.g4 Qe8
24.a4 Nc5 25.b3 g5 26.Ne1 Kg7 27.f3 h5 28.Nd3 hxg4 29.hxg4 Rh8 30.Nxc5 bxc5
31.Qb1 Rh4 32.Rcc1 Qh8 33.Rh1 Qh7 34.Rcg1  0-1

[Event "Bundesliga 2012-13"]
[Site "Wattenscheid GER"]
[Date "2012.12.09"]
[Round "6"]
[White "Nikolic,Pr"]
[Black "Acs,Peter"]
[Result "1-0"]
[WhiteElo "2638"]
[BlackElo "2586"]

1.d4 d5 2.c4 c6 3.Nc3 Nf6 4.e3 a6 5.Bd2 e6 6.Nf3 Nbd7 7.Qc2 b5 8.cxd5 exd5
9.Bd3 Bb7 10.O-O Be7 11.Ne2 O-O 12.a4 Re8 13.Nc1 bxa4 14.Qxa4 c5 15.Bf5 Nb6
16.Qc2 c4 17.b3 g6 18.Bh3 Bc8 19.Bxc8 Qxc8 20.Ba5 cxb3 21.Qxb3 Nc4 22.Nd3 Bd6
23.Rfc1 Qe6 24.Qd1 Ne4 25.Ra2 Reb8 26.Be1 Rb6 27.Rb1 Rab8 28.Rba1 Ra8 29.Qc2 Qe7
30.h3 Na3 31.Qc1 Nc4 32.Nh2 Qe6 33.Nf1 Qf5 34.Qc2 Qe6 35.f3 Nf6 36.Bf2 Rc8
37.Qe2 Re8 38.Ra4 a5 39.e4 dxe4 40.fxe4 Nxe4 41.d5 Qxd5 42.Rxc4 Qxc4 43.Bxb6 Qb5
44.Be3 Bc5 45.Nf4 Qb8 46.Nd5 Qe5 47.Bxc5 Qxa1 48.Ne7+ Rxe7 49.Bxe7 Qe5 50.Ba3 h5
51.Bb2 Qc5+ 52.Qe3 Kh7 53.Bd4 Qd5 54.Nd2 Ng3 55.Ba1 h4 56.Qe8 f6 57.Bxf6 Qg8
58.Qe7+ Kh6 59.Bxh4  1-0

[Event "75th Tata Steel GpB"]
[Site "Wijk aan Zee NED"]
[Date "2013.01.12"]
[Round "1.2"]
[White "Edouard,R"]
[Black "Nikolic,Pr"]
[Result "1/2-1/2"]
[WhiteElo "2686"]
[BlackElo "2619"]

1.e4 e6 2.d4 d5 3.Nc3 Bb4 4.e5 c5 5.a3 Bxc3+ 6.bxc3 Qa5 7.Bd2 Qa4 8.Qg4 Kf8
9.Qd1 Nc6 10.Nf3 Nge7 11.Qb1 cxd4 12.Bb5 Qa5 13.cxd4 Qb6 14.Bb4 Nxb4 15.Qxb4 a6
16.Bd3 Qxb4+ 17.axb4 Nc6 18.c3 Rb8 19.Nd2 Bd7 20.Nb3 Na7 21.Kd2 Bb5 22.f4 Bxd3
23.Kxd3 h5 24.g3 Ke7 25.h3 Nb5 26.Nc5 b6 27.Na4 Kd7 28.Nb2 Nc7 29.Nd1 f5
30.exf6 gxf6 31.Ne3 f5 32.g4 hxg4 33.hxg4 fxg4 34.Nxg4 Rbf8 35.Ne5+  1/2-1/2

[Event "75th Tata Steel GpB"]
[Site "Wijk aan Zee NED"]
[Date "2013.01.13"]
[Round "2.7"]
[White "Nikolic,Pr"]
[Black "Ernst,S"]
[Result "1-0"]
[WhiteElo "2619"]
[BlackElo "2556"]

1.d4 d5 2.c4 c6 3.Nc3 dxc4 4.e4 b5 5.a4 b4 6.Na2 Nf6 7.e5 Nd5 8.Bxc4 e6 9.Nf3 Ba6
10.Bxa6 Nxa6 11.Bg5 Qb6 12.O-O h6 13.Bh4 c5 14.Rc1 Qb7 15.Re1 Rc8 16.Qe2 Nb8
17.Nd2 Nd7 18.Ne4 g5 19.Bg3 Be7 20.dxc5 Nxc5 21.Nf6+ Bxf6 22.exf6 O-O 23.h4 Nxf6
24.hxg5 Nfe4 25.gxh6 Kh7 26.Rc4 Rg8 27.Rxb4 Nxg3 28.fxg3 Qe7 29.Qc2+ Kxh6
30.Rh4+ Kg7 31.b4 Nd7  1-0

[Event "75th Tata Steel GpB"]
[Site "Wijk aan Zee NED"]
[Date "2013.01.14"]
[Round "3.1"]
[White "Movsesian,S"]
[Black "Nikolic,Pr"]
[Result "1-0"]
[WhiteElo "2688"]
[BlackElo "2619"]

1.c4 e5 2.g3 d6 3.Bg2 f5 4.Nc3 Nf6 5.e3 g6 6.d4 Bg7 7.dxe5 dxe5 8.Qxd8+ Kxd8
9.b3 Nbd7 10.Ba3 e4 11.Rd1 Re8 12.Nh3 b6 13.Nf4 Bb7 14.Nb5 Kc8 15.h4 Ne5
16.Nd4 Kb8 17.c5 Bh6 18.h5 g5 19.Nxf5 gxf4 20.Nxh6 fxe3 21.fxe3 Nd3+ 22.Kd2 Nf2
23.c6 Bc8 24.Bb2 Nd5 25.Rdf1 Nxh1 26.Bxh1 a5 27.a3 Re6 28.Nf7 h6 29.Ne5 Ka7
30.Rf7 Rf6 31.Bxe4 Rxf7 32.Nxf7 Be6 33.Nxh6 Rf8 34.Ke2 Nf6 35.Bf3 Bxb3 36.e4 Nh7
37.Nf5 Ng5 38.h6 Re8 39.Ke3 Bg8 40.Ng7 Rf8 41.Bg2 Bh7 42.Be5 b5 43.Bd4+ Ka6
44.e5 Bg8 45.Bc5 Rd8 46.Be7 Rd1 47.Bxg5 b4 48.axb4 axb4 49.e6 b3 50.Bf6  1-0

[Event "75th Tata Steel GpB"]
[Site "Wijk aan Zee NED"]
[Date "2013.01.17"]
[Round "5.6"]
[White "Turov,M"]
[Black "Nikolic,Pr"]
[Result "1/2-1/2"]
[WhiteElo "2630"]
[BlackElo "2619"]

1.c4 e5 2.Nc3 Nc6 3.g3 g6 4.Bg2 Bg7 5.Rb1 a5 6.a3 f5 7.b4 axb4 8.axb4 Nf6
9.d3 O-O 10.b5 Nd4 11.e3 Ne6 12.Nge2 d6 13.O-O h5 14.Nd5 Nxd5 15.cxd5 Nc5
16.d4 Na4 17.Qb3 e4 18.Nf4 Kh7 19.Ra1 Nb6 20.Rxa8 Nxa8 21.Bd2 Re8 22.Rc1 Bh6
23.Ne6 Bxe6 24.dxe6 d5 25.Rc5 Bf8 26.Rxd5 Bd6 27.b6 c6 28.Ra5 Qxb6 29.Qxb6 Nxb6
30.Ra7 Re7 31.Ba5 Nd5 32.Bd8 Rg7 33.Bf1 Be7 34.Ba5 b6 35.Bd2 Bb4 36.Ra2 Bxd2
37.Rxd2 Re7 38.Bc4 Rxe6 39.Rc2 Rd6 40.Bxd5 cxd5 41.Rc7+ Kh6 42.h4 g5 43.hxg5+ Kxg5
44.Kg2 h4 45.Kh3 hxg3 46.f4+ Kh5 47.Rh7+ Kg6 48.Rb7 g2 49.Kxg2 Kh5 50.Rf7 Kg6
51.Rb7 Rc6 52.Kg3 Rc3 53.Rxb6+ Kh5 54.Kf2 Rc2+ 55.Kg3 Rc3  1/2-1/2

[Event "75th Tata Steel GpB"]
[Site "Wijk aan Zee NED"]
[Date "2013.01.18"]
[Round "6.1"]
[White "Nikolic,Pr"]
[Black "Dubov,Danii"]
[Result "0-1"]
[WhiteElo "2619"]
[BlackElo "2600"]

1.Nf3 Nf6 2.c4 c6 3.d4 d5 4.e3 Bf5 5.cxd5 cxd5 6.Qb3 Qc7 7.Bd2 Nc6 8.Bb5 e6
9.O-O Bd6 10.Bb4 O-O 11.Bxd6 Qxd6 12.Bxc6 bxc6 13.Nbd2 Nd7 14.Rac1 Rfc8 15.Nh4 Be4
16.g3 Rab8 17.Qc3 c5 18.Nxe4 dxe4 19.Rfd1 c4 20.b3 Nb6 21.Qa5 cxb3 22.axb3 Rxc1
23.Rxc1 Nd5 24.Qxa7 g5 25.Ng2 Rxb3 26.h4 h6 27.hxg5 hxg5 28.Qa4 Qb8 29.Qc4 Kg7
30.Qe2 Nf6 31.Ne1 Rb2 32.Qd1 Qb4 33.Rc2 Rb3 34.Qd2 Qb8 35.Rc3 Rb7 36.Rc5 Nd5
37.Rc1 Rb2 38.Rc2 Rb3 39.Rc1 Rb7 40.Qe2 Nf6 41.Qd1 Kg6 42.Ng2 Qh8 43.f4 Qh5
44.Qc2 Kg7 45.fxg5 Qxg5 46.Rb1 Rxb1+ 47.Qxb1 Qxg3 48.Qe1 Qg4 49.Qh4 Qxh4
50.Nxh4 Nd5 51.Kf2 Kf6 52.Ng2 Kg5 53.Ne1 Nb4 54.Kg3 f5 55.Kh3 f4 56.Kg2 Kg4
57.exf4 Nd3  0-1

[Event "75th Tata Steel GpB"]
[Site "Wijk aan Zee NED"]
[Date "2013.01.20"]
[Round "8.1"]
[White "Nikolic,Pr"]
[Black "Grandelius,N"]
[Result "1-0"]
[WhiteElo "2619"]
[BlackElo "2572"]

1.d4 Nf6 2.c4 g6 3.g3 d5 4.Bg2 dxc4 5.Na3 e5 6.Qa4+ Bd7 7.Qxc4 Nc6 8.dxe5 Nxe5
9.Qc3 Bd6 10.Nf3 Qe7 11.O-O O-O 12.Bg5 Rfe8 13.Nc4 Ne4 14.Qxe5 Qxe5 15.Nfxe5 Bxe5
16.Bxe4 Bxb2 17.Bxb7 Rab8 18.Nxb2 Rxb7 19.Nd3  1-0

[Event "75th Tata Steel GpB"]
[Site "Wijk aan Zee NED"]
[Date "2013.01.22"]
[Round "9.7"]
[White "Ipatov,Alexander"]
[Black "Nikolic,Pr"]
[Result "1-0"]
[WhiteElo "2587"]
[BlackElo "2619"]

1.Nf3 Nf6 2.c4 e6 3.Nc3 Bb4 4.d4 c5 5.g3 Nc6 6.Bg2 Bxc3+ 7.bxc3 b6 8.Ne5 Bb7
9.O-O Na5 10.Bxb7 Nxb7 11.Bg5 Qc7 12.Bxf6 gxf6 13.Ng4 f5 14.Nf6+ Ke7 15.Nh5 Rhg8
16.Qd2 Nd6 17.Qf4 Raf8 18.f3 f6 19.e4 cxd4 20.cxd4 Qxc4 21.Rad1 fxe4 22.fxe4 Ne8
23.e5 Rg6 24.Rf2 Kf7 25.d5 exd5 26.Qxc4 dxc4 27.Rxd7+ Ke6 28.Rxa7 Kxe5 29.Nf4 Rg7
30.Re2+ Kd6 31.Re6+ Kc5 32.Ra8 Rgg8 33.Rc8+ Kb5 34.Nd5 Nd6 35.Rxf8 Rxf8 36.Rxd6 Kc5
37.Rxf6 Rxf6 38.Nxf6 c3 39.Ne4+ Kd4 40.Nxc3 Kxc3 41.g4 Kb2 42.g5  1-0

[Event "75th Tata Steel GpB"]
[Site "Wijk aan Zee NED"]
[Date "2013.01.23"]
[Round "10.2"]
[White "Nikolic,Pr"]
[Black "Naiditsch,A"]
[Result "1/2-1/2"]
[WhiteElo "2619"]
[BlackElo "2708"]

1.d4 Nf6 2.c4 g6 3.Nf3 Bg7 4.g3 O-O 5.Bg2 d5 6.Nbd2 c5 7.dxc5 Na6 8.c6 bxc6
9.O-O Qd6 10.Qa4 Nc5 11.Qa3 a5 12.Nb3 Nce4 13.c5 Qb8 14.Bf4 Qb7 15.Nxa5 Qb5
16.b4 Nd7 17.Rac1 Nexc5 18.Qe3 e5 19.Nxe5 Bxe5 20.Bxe5 Re8 21.Qd4 Nxe5 22.Qxc5 Ba6
23.f4 Ng4 24.Bf3 Qxc5+ 25.Rxc5 Bxe2 26.Bxg4 Bxg4 27.Rxc6 d4 28.Rc2 d3 29.Rd2 Rac8
30.Nb3 Bh3 31.Rfd1 Bg4 32.Rb1 Rc2 33.Rxc2 dxc2 34.Rc1 Bf5 35.Kf2 Ra8 36.Nd4 Rxa2
37.Nxf5 gxf5 38.b5 Rb2 39.b6 Kg7 40.b7 Rxb7  1/2-1/2

[Event "75th Tata Steel GpB"]
[Site "Wijk aan Zee NED"]
[Date "2013.01.26"]
[Round "12.7"]
[White "Van Kampen,R"]
[Black "Nikolic,Pr"]
[Result "0-1"]
[WhiteElo "2581"]
[BlackElo "2619"]

1.e4 e5 2.Nf3 Nc6 3.Bb5 a6 4.Ba4 Nf6 5.O-O Be7 6.Re1 b5 7.Bb3 d6 8.c3 O-O
9.h3 Re8 10.d4 Bb7 11.Nbd2 Bf8 12.a3 g6 13.Ba2 Bg7 14.d5 Ne7 15.b4 a5 16.Bb2 c6
17.c4 axb4 18.axb4 h6 19.dxc6 Bxc6 20.cxb5 Bxb5 21.Bc4 Rxa1 22.Qxa1 Qb8 23.Nxe5 dxe5
24.Bxe5 Qb6 25.Bxb5 Qxb5 26.Bxf6 Bxf6 27.Qxf6 Qxb4 28.Nf3 Nf5 29.g4 Rxe4
30.Rd1 Ng7 31.Ne5 Rf4 32.Qd6 Qe4 33.Qd5 Qe2 34.Rf1 Ne6 35.Nd7 Ng5 36.Qa8+ Kh7
37.Qa1 Nxh3+ 38.Kh2 Nxf2  0-1

[Event "Bundesliga 2012-13"]
[Site "Solingen GER"]
[Date "2013.02.02"]
[Round "7"]
[White "Nikolic,Pr"]
[Black "Heinemann,T"]
[Result "1-0"]
[WhiteElo "2638"]
[BlackElo "2479"]

1.d4 Nf6 2.c4 e6 3.Nf3 b6 4.Bf4 Bb7 5.e3 Be7 6.h3 O-O 7.Be2 d5 8.O-O Nbd7
9.Nc3 c5 10.dxc5 Nxc5 11.Rc1 dxc4 12.Bxc4 Qxd1 13.Rfxd1 Rfd8 14.Nd4 Rac8
15.Ncb5 Ra8 16.b4 Na6 17.a3 Ne8 18.Be2 Bf6 19.Bg3 Nb8 20.Nc7 Nxc7 21.Rxc7 Bd5
22.Nb5 a6 23.Nd6 Rf8 24.e4 Bb3 25.Rdc1 b5 26.e5 Bg5 27.R1c3 Bd5 28.Bf3 Bxf3
29.Rxf3 Bd8 30.Rcxf7 Rxf7 31.Rxf7 Nc6 32.Rb7 Nd4 33.Kh2 Nc2 34.Ne8 Nxa3 35.Nxg7 Nc2
36.Nxe6 Nxb4 37.f4 Nd5 38.f5 Ba5 39.f6 Bb4 40.Rg7+ Kh8 41.Ng5  1-0

[Event "Bundesliga 2012-13"]
[Site "Trier GER"]
[Date "2013.02.23"]
[Round "9"]
[White "Nikolic,Pr"]
[Black "Jaracz,P"]
[Result "1-0"]
[WhiteElo "2638"]
[BlackElo "2541"]

1.d4 Nf6 2.c4 e6 3.Nf3 b6 4.g3 Ba6 5.Qa4 Be7 6.Nc3 Bb7 7.Bg2 O-O 8.O-O Ne4
9.Nxe4 Bxe4 10.Ne1 Bxg2 11.Nxg2 d5 12.Bf4 dxc4 13.Rfd1 c3 14.bxc3 Qd7 15.Qc2 Nc6
16.e4 Rfd8 17.h4 h6 18.Qe2 Bd6 19.Be3 e5 20.f4 f6 21.Kh2 Qf7 22.Rf1 exd4
23.cxd4 f5 24.e5 Bf8 25.Rfd1 Nb4 26.Bf2 Rac8 27.h5 Be7 28.a4 c5 29.dxc5 bxc5
30.e6 Qf6 31.Rac1 Rxd1 32.Rxd1 Rc6 33.Rd7 Rxe6 34.Qc4 Kh7 35.Bxc5 Bxc5 36.Qxc5 Re2
37.Kh3 Nc6 38.Ne3 Ne5 39.Rc7 Qe6 40.Qf8  1-0

[Event "Bundesliga 2012-13"]
[Site "Trier GER"]
[Date "2013.02.24"]
[Round "10"]
[White "Naiditsch,A"]
[Black "Nikolic,Pr"]
[Result "1/2-1/2"]
[WhiteElo "2704"]
[BlackElo "2638"]

1.e4 e5 2.Nf3 Nc6 3.Bb5 a6 4.Bxc6 dxc6 5.O-O Be7 6.h3 Bf6 7.Na3 Be6 8.Qe2 c5
9.Nc4 Bxc4 10.Qxc4 Qd6 11.a4 Ne7 12.a5 Nc6 13.d3 O-O 14.Bd2 Be7 15.Bc3 Rfe8
16.Kh1 Bf8 17.Nd2 g6 18.Qb3 Rab8 19.Nc4 Qe6 20.f4 exf4 21.Rxf4 Be7 22.Raf1 Rf8
23.Qa3 Nd4 24.Bxd4 cxd4 25.Qa1 f6 26.Qa4 Kg7 27.R4f2 Rbd8 28.Rf3 h5 29.Qa1 Rf7
30.Rg3 f5 31.Rgf3 Rdf8 32.b3 c5 33.exf5 Rxf5 34.Rxf5 Rxf5 35.Rxf5 Qxf5 36.Qe1 Bd8
37.Kg1 Qf4 38.g3 Qf3 39.Nd2 Qf5 40.Ne4 Qxh3 41.Nxc5 Bf6 42.Ne4 Be7 43.c4 Qf5
44.Qa1 Bf6 45.b4 Be5 46.Qf1 Qd7 47.Kg2 Qe7 48.b5 Qb4 49.bxa6 bxa6 50.Qa1 Qb3
51.Nf2 Qb7+ 52.Ne4 Qb3 53.Nc5 Qb4 54.Ne4 Qb3 55.Nf2 Qb7+ 56.Ne4  1/2-1/2

[Event "Bundesliga 2012-13"]
[Site "Solingen GER"]
[Date "2013.03.16"]
[Round "11"]
[White "Bluebaum,M"]
[Black "Nikolic,Pr"]
[Result "1-0"]
[WhiteElo "2433"]
[BlackElo "2638"]

1.d4 e6 2.c4 d5 3.Nf3 c6 4.g3 f5 5.Bg2 Nf6 6.O-O Bd6 7.Qc2 O-O 8.Nc3 Bd7
9.Rb1 a5 10.c5 Bc7 11.Na4 Be8 12.Qb3 Ra7 13.Bf4 Bxf4 14.gxf4 Bh5 15.Qe3 Bxf3
16.Bxf3 Ne4 17.Bxe4 dxe4 18.f3 exf3 19.Rxf3 Re8 20.Nb6 Nd7 21.Nc4 Nf6 22.Nd6 Re7
23.Rg3 Ra8 24.h3 b5 25.Kh2 Nd5 26.Qe5 Qf8 27.Rf1 a4 28.a3 Rd8 29.Rf2 Kh8
30.e4 fxe4 31.Qxe4 Qf6 32.Rg5 Rf8 33.Kg3 g6 34.h4 Rg7 35.Re5 Ne7 36.Rh2 Nf5+
37.Kf2 Re7 38.Nxf5 gxf5 39.Qxc6 Rg8 40.h5 Qh6 41.Qf3 Rg4 42.Ke2 Reg7 43.d5 Rxf4
44.Rxe6 Rxf3 45.Rxh6 Rb3 46.Kd1 b4 47.Re6 Rg1+ 48.Re1 Rg4 49.axb4 a3 50.Re8+ Kg7
51.bxa3 Rxa3 52.d6 Rxb4 53.Rd2 Ra1+ 54.Ke2 Rh4 55.Kf3 Rh3+ 56.Kg2 Rah1 57.Rf2  1-0

[Event "Bundesliga 2012-13"]
[Site "Solingen GER"]
[Date "2013.03.17"]
[Round "12"]
[White "Nikolic,Pr"]
[Black "Zumsande,M"]
[Result "1-0"]
[WhiteElo "2638"]
[BlackElo "2418"]

1.d4 d5 2.c4 c6 3.Nc3 Nf6 4.e3 a6 5.Bd2 b5 6.cxd5 cxd5 7.Bd3 e6 8.Nf3 Nbd7
9.O-O Bd6 10.Ne2 O-O 11.Ng3 Bb7 12.Qe1 Qe7 13.Ba5 Rfc8 14.a3 Ne4 15.Nd2 Nxd2
16.Qxd2 Nf6 17.Rfc1 Ne4 18.Bxe4 dxe4 19.Bb4 Bd5 20.Bxd6 Qxd6 21.Qa5 f5 22.Rc3 Rxc3
23.Qxc3 Bb7 24.Rc1 Rc8 25.Qd2 Rc6 26.h4 Kf7 27.Ne2 Qc7 28.Rxc6 Qxc6 29.Qa5 Ke7
30.Nf4 g6 31.a4 Kd7 32.axb5 axb5 33.Qa7 Qc7 34.Qa3 Qd6 35.Qa5 Qc6 36.Qb4 Ke8
37.d5 exd5 38.Qd4 Kf7 39.b4 Qf6 40.Qa7 Qe7 41.Qb6 Qd7 42.h5 Bc6 43.Ne2 Qe8
44.h6 Bd7 45.Qd4 Qf8 46.Nf4 Qxh6 47.Qxd5+ Ke7 48.Qe5+ Kd8 49.Qd6 Ke8 50.Nd5 Qg7
51.Nc7+  1-0

[Event "Bundesliga 2012-13"]
[Site "Schwetzingen GER"]
[Date "2013.04.05"]
[Round "13"]
[White "Dinstuhl,V"]
[Black "Nikolic,Pr"]
[Result "0-1"]
[WhiteElo "2409"]
[BlackElo "2638"]

1.d4 Nf6 2.c4 e6 3.Nf3 Bb4+ 4.Nbd2 d5 5.Qa4+ Nc6 6.a3 Be7 7.e3 O-O 8.b4 Bd7
9.Qc2 a5 10.b5 Na7 11.Rb1 dxc4 12.Bxc4 c6 13.b6 Nb5 14.a4 Na3 15.Bxa3 Bxa3
16.e4 c5 17.dxc5 Rc8 18.O-O Bxc5 19.Qb3 Bb4 20.e5 Nd5 21.Bxd5 exd5 22.Qxd5 Bxa4
23.Qa2 Bb5 24.e6 Bxf1 25.exf7+ Kh8 26.Nxf1 Qf6  0-1

[Event "Gligoric Cup 2013"]
[Site "Banja Koviljaca SRB"]
[Date "2013.05.20"]
[Round "1.3"]
[White "Nikolic,Pr"]
[Black "Petakov,U"]
[Result "1-0"]
[WhiteElo "2603"]
[BlackElo "2347"]

1.d4 Nf6 2.Nf3 b5 3.e4 Nxe4 4.Bxb5 g6 5.O-O Bg7 6.Re1 Nd6 7.Bd3 O-O 8.c4 Bb7
9.Nc3 e6 10.Bf4 Nf5 11.d5 Na6 12.Qd2 d6 13.Bxf5 exf5 14.Bh6 Bxh6 15.Qxh6 Qf6
16.Re3 Rfe8 17.Rae1 Rxe3 18.Rxe3 Nc5 19.h4 Nd7 20.Qf4 c6 21.dxc6 Bxc6 22.Nd4 Bb7
23.Ndb5 Ne5 24.Nxd6 Qxd6 25.Qxe5 Qd2 26.h5 Qc1+ 27.Kh2 Qf1 28.Nd5 Bxd5 29.cxd5 Qb5
30.hxg6 fxg6 31.Qe6+ Kg7 32.Rb3 Qe8 33.Rb7+ Kh6  1-0

[Event "Gligoric Cup 2013"]
[Site "Banja Koviljaca SRB"]
[Date "2013.05.21"]
[Round "2.3"]
[White "Nikolic,Pr"]
[Black "Djuric,S"]
[Result "1/2-1/2"]
[WhiteElo "2603"]
[BlackElo "2459"]

1.d4 Nf6 2.c4 g6 3.g3 Bg7 4.Bg2 O-O 5.Nc3 d6 6.Nf3 c6 7.O-O Qa5 8.Qb3 Nbd7
9.Bd2 Qa6 10.e4 e5 11.Rfd1 exd4 12.Nxd4 Nc5 13.Qc2 Bg4 14.Nce2 Bxe2 15.Nxe2 Rfe8
16.f3 d5 17.Be3 Na4 18.cxd5 cxd5 19.Bf1 Qc6 20.Qb3 Qc4 21.Qxc4 dxc4 22.b3 Nb6
23.Nf4 g5 24.Ng2 g4 25.fxg4 Nxg4 26.Bd4 Bxd4+ 27.Rxd4 Ne5 28.Nh4 Rad8 29.Rdd1 c3
30.Rdc1 Rc8 31.Rc2 Red8 32.Rac1 Rd2 33.a4 Rxc2 34.Rxc2 Rc5 35.Nf5 Nc6 36.Bc4 Nxa4
37.Rc1 b5 38.Bxb5 Rxb5 39.bxa4 Rc5 40.Kf2 Nb4 41.Ke2 Na2 42.Rc2 Nb4 43.Rc1 Na2
44.Rc2 Nb4 45.Rc1 Na2 46.Rc2  1/2-1/2